[Event "DEM U10 Oberhof"]
[Site "?"]
[Date "2013.05.25"]
[Round "11.9"]
[White "Dietz, Florian"]
[Black "Huber, Benedikt"]
[Result "0-1"]
[WhiteElo "1445"]
[BlackElo "1689"]
[PlyCount "166"]
[EventDate "2013.??.??"]

1. e4 e6 2. d4 d5 3. Nc3 Nf6 4. e5 Nfd7 5. Nf3 c5 6. Bf4 Nc6 7. Bb5 cxd4 8.
Bxc6 bxc6 9. Nxd4 c5 10. Nf3 Ba6 11. Ne2 Be7 12. O-O O-O 13. Re1 f6 14. Bg3
fxe5 15. Nxe5 Nxe5 16. Bxe5 Bf6 17. Ng3 Bxe5 18. Rxe5 Qd6 19. Qe1 Rf6 20. Qe3
Raf8 21. Re1 d4 22. Qg5 Rxf2 23. Rxc5 d3 24. cxd3 Qd4 25. Qe3 Qxb2 26. Ne2 Qf6
27. h3 Bb7 28. Rg5 g6 29. a3 Bd5 30. Rg3 a6 31. Nd4 Ra2 32. Nf3 Rxa3 33. Ne5
Qf4 34. Qxf4 Rxf4 35. Rge3 Ra2 36. R3e2 Rxe2 37. Rxe2 a5 38. g3 Rb4 39. Kf2 a4
40. d4 a3 41. Nd3 Rxd4 42. Nf4 a2 43. Re1 Rb4 44. Nxd5 Rb1 45. Nc3 Rxe1 46.
Nxa2 Ra1 47. Nc3 Kf7 48. Ne4 h6 49. Kf3 Ra3+ 50. Kf4 g5+ 51. Kg4 Ra4 52. Kf3 e5
53. h4 g4+ 54. Ke3 Rxe4+ 55. Kxe4 Ke6 56. Ke3 Kd5 57. Kd3 h5 58. Ke3 e4 59. Ke2
Kd4 60. Kd2 e3+ 61. Ke1 Ke5 62. Kf1 e2+ 63. Ke1 Kd5 64. Kf2 Kd4 65. Kxe2 Ke4
66. Kf2 Kd3 67. Kf1 Ke3 68. Kg1 Ke2 69. Kh1 Kf3 70. Kh2 Kf2 71. Kh1 Kxg3 72.
Kg1 Kxh4 73. Kh2 g3+ 74. Kg2 Kg4 75. Kg1 h4 76. Kg2 h3+ 77. Kh1 g2+ 78. Kh2 Kf3
79. Kg1 h2+ 80. Kxh2 Kf2 81. Kh3 g1=Q 82. Kh4 Qg6 83. Kh3 Qg3# 0-1